Najdi si svého farmáře

Nákup výrobkov a surovín v minulosti u lokálnych pestovateľov a chovateľov. Násilná kolektivizácia a prerušenie tohto spôsobu predaja. Bio trend v súčasnosti. Staronové trendy v predaji poľnohospodárskych výrobkov. Súčasné možnosti predaja. Mať svojho pekára. Česká webová stránka Nájdi si svojho far...

Descrizione completa

Salvato in:
Dettagli Bibliografici
Autore principale: Oršoš, Štefan
Natura: Capitolo di libro
Lingua:ceco
Soggetti:
Tags: Aggiungi Tag
Nessun Tag, puoi essere il primo ad aggiungerne!!

MARC

LEADER 00000naa$a2200000$$$4500
001 0116239
005 20231018131608.2
041 0 |a cze 
044 |a CZ 
245 1 0 |a Najdi si svého farmáře  |c Štefan Oršoš 
520 |a Nákup výrobkov a surovín v minulosti u lokálnych pestovateľov a chovateľov. Násilná kolektivizácia a prerušenie tohto spôsobu predaja. Bio trend v súčasnosti. Staronové trendy v predaji poľnohospodárskych výrobkov. Súčasné možnosti predaja. Mať svojho pekára. Česká webová stránka Nájdi si svojho farmára. 
610 2 0 |a bioprodukty 
610 2 0 |a poľnohospodárstvo 
610 2 0 |a potraviny 
610 2 0 |a farmy 
610 2 0 |a ekológia 
610 2 0 |a spotrebitelia 
610 2 0 |a internet 
100 1 |a Oršoš, Štefan